000 00895nam a22002055i 4500
001 163821
003 ES-MaACL
005 20250929063240.0
008 990728s1841 sp |||| | spa d
040 _aCCPB | B
_bspa
_cCCPB | B
100 1 _aRodríguez Rubí, Tomás,
_d1817-1890
_9131953
245 1 3 _aEl rigor de las desdichas
_b: comedia en tres actos /
_cde Tomás Rodríguez Rubí.
260 _aMadrid :
_b[Manuel Delgado],
_c1841 (
_fImprenta de Repullés)
300 _a84 p. ;
_c19 cm.
490 1 _aGalería dramática
596 _aEd. y serie constan en la cub.
830 0 _aGalería dramática
_9186796
852 _aES-MaACL
_jD-2492(1)
_z-- Enc. hol., conservando la cub. original
_z-- Legado de Modesto de La Fuente
_x-- Edic.: el dato de serie consta en la cub. -- En la cub. en pie de imp. consta : Librerías de Cuesta y Escamilla
999 _c163821
_d163821